000 00239nam a22001217a 4500
003 SGT
082 _a823
_bJOY
100 _aJOYCE JAMES
245 _aDUBLINERS
260 _aLONDON
_bHARPER PUB
_c2011
300 _a242
942 _2ddc
_cBK
999 _c33572
_d33572